| 000 | 01211nam a2200253 a 4500 | ||
|---|---|---|---|
| 001 | 000039493 | ||
| 005 | 20201002031658.0 | ||
| 008 | 130703s1902 sp 000 0 spa d | ||
| 040 |
_aDO-SdBNP _bspa _cBNPHU |
||
| 082 |
_a271.5 _bA859h |
||
| 100 | 1 |
_aAstrain, Antonio _d1857-1928 _965677 |
|
| 245 | 1 | 0 |
_aHistoria de la compañia de Jesús en la asistencia de España / _cAntonio Astrain. |
| 260 |
_aMadrid : _bSucesores de Rivadeneyra, _c1902-. |
||
| 300 |
_a7v. ; _c25 cm. |
||
| 500 | _avols. 3-7 , impreso en Madrid: Razón y Fé, 1909-1925 | ||
| 500 | _aIncluye notas al pie de las páginas | ||
| 500 | _aLa biblioteca posee v.1-3, 5,7 | ||
| 500 | _aBibliografía: v.7, p. [ix]-xi | ||
| 505 | 0 |
_gv. 1 _tSan Ignacio de Loyola, 1540-1556 -- _gv. 2 _tLaínez-Borja, 1556-1572 -- _gv. 3 _tMercurian - Aquaviva 1573-1615 -- _gv.4 _tAquaviva (2. pte.) 1581-1615 -- _gv. 5 _tVitelleschi, Carafa, Piccolomini, 1615-1652 -- _gv.6 _tNickel, Oliva, Noyelle, González, 1652-1705 -- _gv. 7 _tTamburini, Retz, Visconti, Centurione 1705-1758 |
|
| 600 | 1 | 4 |
_aIGNACIO, _cDE LOYOLA SANTO, _d1491-1556 _965678 |
| 600 | 1 | 4 |
_aJESUITAS _xHISTORIA _965679 |
| 600 | 1 | 4 |
_aJESUITAS _zESPAÑA _965680 |
| 910 | _aValidado. Control de calidad MFF | ||
| 999 |
_c38983 _d38983 |
||